000 00583nam a22002297a 4500
003 UA-OsUOA
001 97033
007 ta
008 20130325b un ||||| |||| 00| 0 ukr d
100 _aМарков С.
090 _a821.161.1
_bМ27
942 _cBK
040 _aUA-OsUOA
_brus
_cUA-OsUOA
_dUA-OsUOA
245 _aРыжий Будда
300 _a159 с.
955 _a0
041 _arus
080 _a821.161.1
260 _aМосква
_bПересвет
_c1992
650 7 _a82 Література. Літературознавство
_2UDC
999 _c383281
_d383281